History by Picture - O - Statistics

General Stats
  • This quiz has been taken 36,480 times
    36,452 since last reset
  • The average score is 9 of 15
Answer Stats
Picture Hint Answer % Correct
empire - 1683 Ottoman Empire
96%
Greek letter Omega
94%
cause of two Chinese wars Opium
86%
assassin Lee Harvey Oswald
74%
type of structure Obelisk
74%
pioneer route {Oregon} Trail
68%
scientist who led development of this Robert Oppenheimer
65%
author George Orwell
58%
god Osiris
58%
revolution led by this guy {October} Revolution
53%
god Odin
51%
figure from Greek mythology Odysseus
51%
birth name of this guy Gaius {Octavius}
46%
code name Operation {Overlord}
40%
civilization Olmec
31%
No matching quizzes found
Score Distribution
Percent of People with Each Score
Percentile by Number Answered
Your Score History
You have not taken this quiz since the last reset